Responses for show #7684 - Thursday, January 25, 2018

Rachel Lindgren game 5.

Contestants

Jeff Machusko, a data analyst from Centennial, Colorado

Rosie Jonker, a literary agent from New York, New York

Rachel Lindgren, a fire lookout from Bend, Oregon (whose 4-day cash winnings total $65,199)

Jeopardy! Round responses

THE QUOTABLE WILL ROGERS
3-LETTER WORDS
BAND OF BROTHERS & SISTERS
TRAIN TIME
FOUND MY PLACE IN THE BOOK
CRAYOLA COLORS
    $200 26
(Alex: With less than a minute.)

the Mayflower

Rosie
    $200 1
a mob

Rosie
    $200 12
the Beach Boys

Rosie
    $200 11
a double-header

Rosie
    $200 21
Cambridge

Triple Stumper
    $200 6
purple mountains' majesty

Rachel
    $2,000 27
(Rosie: What is Interpol?)

the United States Senate

Rosie
    $400 2
an asp

Rachel
    $400 13
Heart

Rosie
    $400 15
Amtrak

Rosie
    $400 22
(Jeff: Who is Wilder?)

Willa Cather

RosieJeff
    $400 7
(Jeff: What is blue?)
(Alex: Be more specific.)
(Jeff: What...)

blue ribbon

RosieJeff
    $600 28
"All I know is what I read in the papers"

Triple Stumper
    $600 3
a pew

Rachel
    $600 14
the Jonas Brothers

Rachel
    $600 18
(Jeff: Who is Fulton?)

James Watt

Jeff
Triple Stumper
    $600 23
(Rosie: What is the Great Leap Forward?)

the Cultural Revolution

RachelRosie
    $600 8
maize

Jeff
    $800 29
Wall Street

Rosie
    $800 4
ska

Rosie
    $800 16
The Band Perry

Rosie
    $800 19
the bullet train

Rosie
    $800 24
the talented Mr. Ripley

Rosie
    $800 9
orange

Rachel
    $1000 30
(Jeff: What is "a man I never liked"?)

"I never met a man I didn't like"

Jeff
Triple Stumper
    $1000 5
rig

Rachel
    $1000 17
the Proclaimers

Rachel
    $1000 20
(Rosie: What is a handshake connector?)

a coupler

Rosie
Triple Stumper
    $1000 25
Colombia

Triple Stumper
    $1000 10
sienna

Jeff

Scores at the first commercial break (after clue 15):

Rachel Rosie Jeff
$3,600 $2,600 $1,200

Scores at the end of the Jeopardy! Round:

Rachel Rosie Jeff
$5,200 $2,800 -$800

Double Jeopardy! Round responses

3-NAME THE AUTHOR
HISTORIC BOYCOTTS
RHYMING TERMS
THE PRODUCERS
HEAVENS
TIBET SEE
    $400 3
Robert Louis Stevenson

Rachel
    $400 26
Rosa Parks

Rachel
    $400 1
bed head

Jeff
    $400 16
Nashville

Rosie
    $400 6
the fool's paradise

Rosie
    $400 19
a yak

Rachel
    $800 12
James Fenimore Cooper

Rosie
    $800 29
1980

Triple Stumper
    $800 2
hanky-panky

Rosie
    $800 17
(Louis B.) Mayer

Jeff
    $800 7
Hog Heaven

Rachel
    $800 20
(Rachel: What is Lhasa Apso? Or--shoot--)
(Alex: No.)
(Rachel: What is [*]?)

Lhasa

Rachel
Triple Stumper
    $3,000 13
Louisa May Alcott

Rosie
    $1200 25
tobacco

Rosie
    $1200 4
the hokey-pokey

Jeff
    $1200 18
(Rosie: What is Lethal Weapon?)

S.W.A.T.

RachelRosie
    $1200 9
my blue heaven

Triple Stumper
    $1200 21
a mantra

Rachel
    $1600 14
Henry David Thoreau

Triple Stumper
    $1600 30
Pullman

Triple Stumper
    $2,000 5
the hoi polloi

Jeff
    $1600 23
Run-DMC

Jeff
    $1600 10
(Alex: Rachel is trying desperately to come up with this response because she works in Oregon. [*].)

the Pearly Gates

Triple Stumper
    $1600 22
a mandala

Rosie
    $2000 15
Isaac Bashevis Singer

Triple Stumper
    $2000 28
tea

Rosie
    $2000 8
hot to trot

Rachel
    $2000 24
Kathleen Kennedy

Triple Stumper
    $2000 11
the Globe

Rosie
    $2000 27
the Panchen Lama

Triple Stumper

Scores at the end of the Double Jeopardy! Round:

Rachel Rosie Jeff
$10,800 $13,800 $5,200

[wagering suggestions for these scores]

Final Jeopardy! Round responses

19th CENTURY EUROPEANS
JeffWho ?
$3,000
RachelWho is Dostoevsky???
$0
RosieWho is Nietzsche
$7,801
Vincent van Gogh

Final scores:

Rachel Rosie Jeff
$10,800 $5,999 $2,200
5-day champion: $75,999 2nd place: $2,000 3rd place: $1,000

Game dynamics:

Coryat scores:

Rachel Rosie Jeff
$10,800 $14,000 $4,800
15 R,
1 W
22 R
(including 1 DD),
4 W
(including 1 DD)
7 R
(including 1 DD),
4 W

Combined Coryat: $29,600

The J! Archive is created by fans, for fans. The Jeopardy! game show and all elements thereof, including but not limited to copyright and trademark thereto, are the property of Jeopardy Productions, Inc. and are protected under law. This website is not affiliated with, sponsored by, or operated by Jeopardy Productions, Inc. Join the discussion at JBoard.tv.